Design of survivable networks
Αποθηκεύτηκε σε:
| Κύριος συγγραφέας: | |
|---|---|
| Μορφή: | Βιβλίο |
| Γλώσσα: | English |
| Δημοσίευση: |
Berlin ; New York :
Springer-Verlag,
c1992
|
| Σειρά: | Lecture notes in mathematics (Springer-Verlag)
; 1531 |
| Θέματα: | |
| Ετικέτες: |
Προσθήκη ετικέτας
Δεν υπάρχουν, Καταχωρήστε ετικέτα πρώτοι!
|
MARC
| LEADER | 00000cam a2200000 i 4500 | ||
|---|---|---|---|
| 001 | 1/27488 | ||
| 008 | 960426s1992 eng d | ||
| 020 | |a 3540562710 | ||
| 020 | |a 0387562710 | ||
| 035 | |l 10037838 | ||
| 035 | |a 1995 | ||
| 040 | |a GR-MY-UA |b gre |e aacr | ||
| 041 | 0 | |a eng | |
| 082 | 0 | |a 519.7 |2 (20) | |
| 100 | 1 | |a Stoer, Mechthild |d 1963- | |
| 245 | 1 | 0 | |a Design of survivable networks / |c Mechthild Stoer |
| 260 | |a Berlin ; New York : |b Springer-Verlag, |c c1992 | ||
| 300 | |a 204 p.; |b ill.; |c 25 cm. | ||
| 490 | 1 | |a Lecture notes in mathematics (Springer-Verlag) |v ; 1531 | |
| 504 | |a Includes bibliographical references (p. [197]-204) and index | ||
| 650 | 0 | 0 | |a Computer networks |x Design and construction. |
| 650 | 0 | 0 | |a Computer networks |x Mathematical models. |
| 830 | 0 | |a Lecture notes in mathematics (Springer-Verlag) |v ; 1531 | |
| 852 | |a INST |b SAMOS |e 19960426 |h 519.7 STO |p 005300005375 |q 005300005375 |t BK |y 0 | ||
| 909 | |a Σ |b 039395 | ||